000
00199 a2200097 4500
001
47972
100
_a
Hamilton
245
_a
Hediya
260
_a
Lahore
_b
Premier Bk house
_c
090
_c
30964
_d
30964
942
_a
NUST-CAE
_c
M
_c
23296
999
_c
283045
_d
283045